| 000 | 00647nam a22002297a 4500 | ||
|---|---|---|---|
| 003 | UA-OsUOA | ||
| 001 | 65823 | ||
| 007 | ta | ||
| 008 | 20091210b un ||||| |||| 00| 0 ukr d | ||
| 090 |
_a82.09:811.161.1:008 _bС88 |
||
| 942 | _cBK | ||
| 040 |
_aUA-OsUOA _bukr _cUA-OsUOA _dUA-OsUOA |
||
| 245 |
_aСтудії з україністики _bзбірник наукових праць _cВип. 7 |
||
| 300 | _a384 с. | ||
| 955 | _a1 | ||
| 041 | _aukr | ||
| 080 | _a82.09:811.161.1:008 | ||
| 020 | _a966-95452-3-8 | ||
| 260 |
_aК. _c2007 |
||
| 650 | 7 |
_a82 Література. Літературознавство _2UDC |
|
| 999 |
_c352272 _d352272 |
||